Переход на международные стандарты финансовой отчётности нефтяных и газовых компаний с помощью автоматизированной системы; Природные ресурсы в XXI веке: экономика, управление, инновации

Detaylı Bibliyografya
Parent link:Природные ресурсы в XXI веке: экономика, управление, инновации.— 2010
Yazar: Демьяненко Ю. В. Юлия Владимировна
Diğer Yazarlar: Боярко Г. Ю. Григорий Юрьевич (научный руководитель)
Özet:Заглавие с экрана.
Dil:Rusça
Baskı/Yayın Bilgisi: 2010
Konular:
Online Erişim:http://www.lib.tpu.ru/fulltext/v/Conferences/2010/K01/p39.pdf
Materyal Türü: Elektronik Kitap Bölümü
KOHA link:https://koha.lib.tpu.ru/cgi-bin/koha/opac-detail.pl?biblionumber=203637

MARC

LEADER 00000naa2a2200000 4500
001 203637
005 20260127115647.0
035 |a (RuTPU)RU\TPU\book\221927 
035 |a RU\TPU\book\221926 
090 |a 203637 
100 |a 20111109d2010 k y0rusy50 ca 
101 0 |a rus 
102 |a RU 
135 |a drnn ---uucaa 
181 0 |a i  
182 0 |a b 
200 1 |a Переход на международные стандарты финансовой отчётности нефтяных и газовых компаний с помощью автоматизированной системы  |f Ю. В. Демьяненко  |g науч. рук. Г. Ю. Боярко 
203 |a Текст  |c электронный 
215 |a 1 файл (61 Кб) 
300 |a Заглавие с экрана. 
337 |a Adobe Reader 
463 1 |0 (RuTPU)RU\TPU\book\221406  |t Природные ресурсы в XXI веке: экономика, управление, инновации  |o сборник трудов Международной научно-практической конференции (Томск, 28-29 октября 2010 г.)  |f Национальный исследовательский Томский политехнический университет (ТПУ), Институт природных ресурсов (ИПР)  |d 2010 
610 1 |a нефтяные компании 
610 1 |a газовые компании 
610 1 |a финансовая отчетность 
610 1 |a международные стандарты 
610 1 |a электронный ресурс 
610 1 |a труды учёных ТПУ 
700 1 |a Демьяненко  |b Ю. В.  |c специалист в области информационных технологий управления бизнесом  |c аспирант, ассистент Томского политехнического университета  |f 1985-  |g Юлия Владимировна  |3 (RuTPU)RU\TPU\pers\29063 
702 1 |a Боярко  |b Г. Ю.  |c экономист  |c заведующий кафедрой Томского политехнического университета, доктор экономических наук  |f 1954-  |g Григорий Юрьевич  |3 (RuTPU)RU\TPU\pers\26105  |4 727  |9 11935 
801 1 |a RU  |b 63413507  |c 20111107 
801 2 |a RU  |b 63413507  |c 20170315  |g RCR 
856 4 |u http://www.lib.tpu.ru/fulltext/v/Conferences/2010/K01/p39.pdf 
942 |c CF